Switching and Automata Theory (Record no. 17)
[ view plain ]
| 000 -LEADER | |
|---|---|
| Fixed length control field | 00445nam a2200181 4500 |
| 003 - CONTROL NUMBER IDENTIFIER | |
| Control field | SEACOMEC |
| 005 - DATE AND TIME OF LATEST TRANSACTION | |
| Control field | 20230930060250.0 |
| 008 - FIXED-LENGTH DATA ELEMENTS--GENERAL INFORMATION | |
| Fixed length control field | 230930b |||||||| |||| 00| 0 eng d |
| 020 ## - INTERNATIONAL STANDARD BOOK NUMBER / ISBN | |
| Price | 295.00 |
| 040 ## - CATALOGING SOURCE | |
| Original cataloging agency | SEACOMEC |
| 082 ## - DEWEY DECIMAL CLASSIFICATION NUMBER | |
| Classification number | 006.131 |
| Book Number | SWI |
| 100 ## - MAIN ENTRY--PERSONAL NAME | |
| Personal name | Kohavi.zvi |
| 245 ## - TITLE STATEMENT | |
| Title | Switching and Automata Theory |
| Statement of responsibility | Kohavi,Zvi |
| 250 ## - EDITION STATEMENT | |
| Edition statement | 2nd Edition |
| 260 ## - IMPRINT | |
| Place of publication | New delhi |
| Name of publisher | TataMcgraw hill |
| Date of publication | 1978 |
| 650 ## - SUBJECT ADDED ENTRY--TOPICAL TERM | |
| Topical term | Computer Science |
| 942 ## - ADDED ENTRY ELEMENTS (KOHA) | |
| Koha item type | Books |
No items available.
